000
00291nam a2200121Ia 4500
008
190216s9999||||xx |||||||||||||| ||und||
100
_a
Munkres R. James
245
0
_a
Topology A First Course
260
_b
Prentice Hall India
_c
1999
300
_a
414
650
_a
Mathematics
942
_c
BK
999
_c
30763
_d
30763